000 00517ntaaa2200193 4500
003 01
005 20251027201058.0
008 0714s1973 ag 01
040 _aAR-BaBN
_bspa
_cAR-BaBN
_eaacr
_dRIC
082 _a200.9 R56
100 _aRobinson, James M.
_95529
245 _aTheology as history. (Vol. III) /
_cJames M. Robinson, John B. Cobb
250 _a1 ed.
300 _ax, 276 p.
500 _aTeología de la historia
650 _aTeología de la Historia
700 _aCobb, John B.
_92467
942 _cBK
999 _c4966
_d4966